[Event "Olympiad Women 2024"]
[Site "Budapest HUN"]
[Date "2024.09.11"]
[Round "1.64"]
[Board "1"]
[White "Perez Rodriguez, Jennifer"]
[Black "Maly Inthavong"]
[Result "1-0"]
[WhiteElo "2224"]
[BlackElo "1633"]
[PlyCount "67"]
[EventDate "2024.09.11"]
[WhiteTeam "Paraguay"]
[BlackTeam "Laos"]
[WhiteTeamCountry "PAR"]
[BlackTeamCountry "LAO"]

1. e4 e5 2. Nc3 Nf6 3. Bc4 Nc6 4. d3 Bb4 5. Bg5 Bxc3+ 6. bxc3 h6 7. Bh4 d6 8. Ne2 Qe7 $146 ({RR} 8... O-O 9. O-O g5 10. Bg3 Be6 11. Bb3 Nh7 12. d4 Bxb3 13. axb3 f5 14. f3 fxe4 15. fxe4 Rxf1+ 16. Qxf1 Qf6 17. d5 Ne7 18. Bf2 a6 19. Ng3 Rf8 20. Qe2 Ng6 21. Nh5 Qf7 22. Rf1 Nf4 23. Nxf4 {1-0 Kleinschmidt,U (1842)-Meznar,F (1822) Suedwestfalen Verbandsklasse 0001 2000 (1)}) ({RR} 8... Be6 9. Bb3 g5 10. Bg3 d5 11. exd5 Bxd5 12. O-O O-O 13. c4 Be6 14. Ba4 Nd7 15. Qb1 Rb8 16. Qb2 f6 17. Bxc6 bxc6 18. Qa3 Rb6 19. f3 Qc8 20. Rfb1 c5 21. Qxa7 f5 22. Nc3 h5 23. a4 {1-0 Hess,R (2591)-Deac,B (2679) Chess.com Rapid Wk9 Swiss 2022 (7)}) ({RR} 8... Na5 9. Bb3 Nxb3 10. axb3 O-O 11. Qd2 Qe7 12. O-O Qe6 13. f4 exf4 14. Nxf4 Qe5 15. d4 Nxe4 16. Qd3 Qf5 17. c4 c6 18. Nd5 Qh7 19. Nc7 Rb8 20. Rxa7 f5 21. d5 c5 22. Ne6 Re8 23. Be1 {1-0 Bueno,A (2209)-Curtis,J (2292) Titled Tue 10th Sep Late 2024 (10)}) 9. O-O Be6 10. Bb5 O-O 11. d4 Na5 12. d5 Bg4 13. f3 Bh5 14. g4 Bg6 15. Bd3 c6 16. c4 Qd8 17. Rb1 a6 18. Qd2 b5 19. cxb5 cxb5 20. Bxf6 Qxf6 21. Qxa5 h5 22. Qe1 Qg5 23. h4 Qe7 24. Kg2 hxg4 25. fxg4 Qd7 26. Qg3 f6 27. Nc3 Kf7 28. h5 Bh7 29. g5 Ke7 30. g6 Bg8 31. Nd1 Rab8 32. Ne3 Kd8 33. Qe1 Ke8 34. a4 1-0

[Event "Olympiad Women 2024"]
[Site "Budapest HUN"]
[Date "2024.09.11"]
[Round "1.66"]
[Board "1"]
[White "Varela La Madrid, Tilsia Carolina"]
[Black "Lima, Izidora Lourenco"]
[Result "1-0"]
[WhiteElo "2017"]
[BlackElo "1579"]
[PlyCount "103"]
[EventDate "2024.09.11"]
[WhiteTeam "Venezuela"]
[BlackTeam "Sao Tome and Principe"]
[WhiteTeamCountry "VEN"]
[BlackTeamCountry "SAO"]

1. e4 e5 2. Nf3 Nc6 3. Nc3 Nf6 4. Bb5 d6 5. d4 exd4 6. Nxd4 Bd7 7. Bxc6 Bxc6 8. Qd3 Be7 ({RR} 8... Nd7 9. Nxc6 bxc6 10. Qa6 Nb6 11. Qb7 Kd7 12. Qa6 Be7 13. a4 Bf6 14. a5 Nc8 15. O-O Re8 16. Qd3 Qe7 17. Na4 Rd8 18. Nc5+ Ke8 19. Qa6 Nb6 20. axb6 dxc5 21. b7 Rab8 22. Qxa7 c4 23. c3 {1-0 Grischuk,A (2756)-Ivanov,A (2481) RUS-chT 17th 2010 (3)}) ({RR} 8... Qd7 9. O-O O-O-O 10. b4 Qe8 11. Re1 d5 12. b5 dxe4 13. Qc4 Bd5 14. Qa4 Bc5 15. Be3 Ng4 16. h3 Nxe3 17. fxe3 Qe5 18. Nxd5 Rxd5 19. c3 f5 20. Rf1 Rf8 21. Rad1 f4 22. Rxf4 Rxf4 23. exf4 {½-½ Smetana,P (1993)-Visvader,K (1696) Slovakia Open 2024 (1.7)}) 9. Nf5 Rg8 $146 ({RR} 9... O-O 10. Bg5 Kh8 11. Qd4 Bd7 12. Nxe7 Qxe7 13. O-O-O Bc6 14. Rhe1 Qe5 15. Qxe5 dxe5 16. Bxf6 gxf6 17. Nd5 Bxd5 18. Rxd5 Rfd8 19. Red1 Rxd5 20. Rxd5 Rg8 21. g3 Kg7 22. c4 Re8 23. c5 Re6 24. b4 {1-0 Ornstein,A (2405)-Setterqvist,K SWE-ch Linkoping 1984}) ({RR} 9... O-O 10. Bg5 Bd7 11. Nxe7+ Qxe7 12. Qd4 Bc6 13. O-O-O Rfe8 14. f3 b5 15. Bxf6 gxf6 16. Ne2 f5 17. Qc3 Bb7 18. Ng3 fxe4 19. fxe4 Bxe4 20. Rhe1 Qg5+ 21. Kb1 Bg6 22. Qc6 Kf8 23. b3 Qc5 24. Qxc5 {1-0 Marciano,D (2380)-Iruzubieta Villaluenga,J (2280) Cannes op 1992}) 10. f3 Qd7 11. Be3 a6 12. O-O-O O-O-O 13. Qd4 b6 14. Qc4 Kb7 15. Qxf7 Bf8 16. Qb3 g6 17. Nd4 Bg7 18. Ne6 Rde8 19. Nc5+ dxc5 20. Rxd7 Nxd7 21. Nd5 Rgf8 22. Rd1 Be5 23. Bh6 Rh8 24. g3 Bb5 25. f4 c4 26. Qf3 Bd6 27. Bg7 Rhg8 28. Bd4 Rgf8 29. Qh1 Bc6 30. b3 Ba3+ 31. Kb1 cxb3 32. axb3 Bxd5 33. exd5 Re2 34. d6+ Kb8 35. dxc7+ Kxc7 36. Bb2 Bxb2 37. Kxb2 Rfe8 38. Qd5 R8e7 39. Qd6+ Kc8 40. Qc6+ Kd8 41. Qxb6+ Ke8 42. Qxa6 Kf8 43. Rxd7 Rxc2+ 44. Kxc2 Rxd7 45. Qf6+ Kg8 46. Qe6+ Rf7 47. b4 Kg7 48. Qe5+ Kf8 49. b5 Kg8 50. Qe8+ Rf8 51. Qxf8+ Kxf8 52. b6 1-0

[Event "Olympiad Women 2024"]
[Site "Budapest HUN"]
[Date "2024.09.11"]
[Round "1.67"]
[Board "2"]
[White "Jorquera Cabello, Valentina"]
[Black "Oyenga, Justine Anassika"]
[Result "1-0"]
[WhiteElo "1919"]
[BlackElo "1503"]
[PlyCount "67"]
[EventDate "2024.09.11"]
[WhiteTeam "Chile"]
[BlackTeam "Togo"]
[WhiteTeamCountry "CHI"]
[BlackTeamCountry "TOG"]

1. e4 e5 2. Nf3 d6 3. d4 exd4 4. Nxd4 Nf6 5. Nc3 c5 6. Bb5+ ({RR} 6. Nde2 Nc6 7. h3 Be7 8. g4 a6 9. Bg2 O-O 10. O-O Bd7 11. Ng3 Nd4 12. Be3 Nb5 13. Nce2 Nc7 14. g5 Nfe8 15. f4 g6 16. h4 f6 17. Qd2 Bc6 18. c4 b5 19. b3 Rb8 20. f5 bxc4 {1-0 Bosiocic,M (2433)-Bogner,S (2318) Mitropa Cup 25th 2006 (8.3)}) 6... Bd7 7. Bxd7+ Qxd7 8. Nf3 Qc6 $146 ({RR} 8... Nc6 9. Bf4 a6 10. Qd2 Qe6 11. O-O-O Rd8 12. Nd5 Rd7 13. Ng5 Nxe4 14. Nxe4 Ne7 15. Nxd6+ Kd8 16. Qa5+ {1-0 Vereb,G (1740)-Remenyi,L HUN-chT3 Hungary 1996}) ({RR} 8... Nc6 9. O-O Be7 10. Bg5 h6 11. Bxf6 gxf6 12. Nh4 Nd4 13. Ne2 Ne6 14. Nf5 O-O-O 15. Qd3 Rdg8 16. Rad1 Kc7 17. f4 Rd8 18. Nc3 Kb8 19. Nd5 Bf8 20. Qc3 Qc6 21. Qxf6 Bg7 22. Nxg7 Nxg7 23. Qxg7 {1-0 Sibajeva,M (2034)-Ziura,A (1250) 20th Sea Festival A 2023 (1.4)}) ({RR} 8... Nc6 9. Bf4 a6 10. O-O Be7 11. Qd2 O-O 12. Rad1 Rad8 13. Rfe1 Ne5 14. Bxe5 dxe5 15. Qg5 Qc7 16. Qxe5 Bd6 17. Qg5 Bf4 18. Qf5 Rxd1 19. Rxd1 Re8 20. Re1 Be5 21. Nxe5 Rxe5 22. Qf4 Qe7 23. f3 {1-0 Langer,R (1839)-Wagner,P (1718) NRW Verbandsklasse Group2 1314 2013 (6.6)}) 9. O-O Be7 10. e5 Ng4 11. exd6 Bxd6 12. Re1+ Kf8 13. Ne4 Bc7 14. h3 Ne5 15. Nxe5 Bxe5 16. Qd8+ Qe8 17. Qxe8+ Kxe8 18. Nxc5 Nc6 19. f4 b6 20. Nb3 Kd7 21. fxe5 Rhe8 22. Bf4 Ke6 23. Rad1 Rac8 24. Rd6+ Kf5 25. Bg3 Re6 26. Red1 a5 27. c3 a4 28. Rxc6 axb3 29. Rxc8 bxa2 30. Ra8 f6 31. exf6 gxf6 32. Rxa2 Re3 33. Bh4 Kg6 34. Rd6 1-0

[Event "Olympiad Women 2024"]
[Site "Budapest HUN"]
[Date "2024.09.11"]
[Round "1.67"]
[Board "3"]
[White "Kponsou, Afiwa"]
[Black "Morales Flores, Monserrat"]
[Result "0-1"]
[WhiteElo "1453"]
[BlackElo "1938"]
[PlyCount "100"]
[EventDate "2024.09.11"]
[WhiteTeam "Togo"]
[BlackTeam "Chile"]
[WhiteTeamCountry "TOG"]
[BlackTeamCountry "CHI"]

1. Nf3 Nf6 2. g3 g6 3. Bg2 Bg7 4. O-O O-O 5. d4 d6 6. Nbd2 Nbd7 7. e4 e5 8. c3 Qe7 ({RR} 8... Re8 9. dxe5 dxe5 10. b4 a5 11. Qc2 Qe7 12. a3 axb4 13. cxb4 Nb6 14. Nb3 Na4 15. Be3 Ng4 16. Bg5 f6 17. Bd2 f5 18. Rac1 c6 19. Na5 Nb6 20. h3 Nf6 21. Be3 fxe4 22. Bxb6 exf3 23. Qb3+ {½-½ Rossetto,H (2410)-Panno,O (2550) Buenos Aires YMCA 1977 (7)}) 9. Re1 Nb6 10. dxe5 $146 ({RR} 10. a4 a5 11. b3 Nfd7 12. Ba3 Re8 13. Rc1 Qe6 14. Bf1 f5 15. Bd3 f4 16. Nc4 Bh6 17. Rc2 Qg4 18. Be2 Qh3 19. Bf1 Qh5 20. Nfd2 Qxd1 21. Rxd1 fxg3 22. hxg3 Nxc4 23. Bxc4+ Kh8 24. Bb5 c6 {1-0 Peyrer,K (2405)-Petersen,M (2037) 1st Munich Pfingst-Open A 2023 (2.33)}) ({RR} 10. a4 a5 11. h3 Bd7 12. b3 Rfd8 13. Ba3 Qe8 14. Qc2 Rac8 15. Rac1 Nh5 16. dxe5 dxe5 17. c4 Bc6 18. Qc3 Ra8 19. c5 Nd7 20. Nc4 Qe6 21. Nxa5 Rxa5 22. Qxa5 Qxb3 23. Rc3 Qxa4 24. Qxc7 Qa8 {1-0 Sandor,B-Castagna,R Hoogovens-B1 1962 (9)}) 10... dxe5 11. a4 a5 12. b3 Rd8 13. Qe2 h6 14. Ba3 Qe6 15. Rad1 Bd7 16. Bb2 Bc6 17. c4 Nfd7 18. Ba3 Nf6 19. c5 Nbd7 20. Rf1 Bf8 21. Rc1 b6 22. Qc4 Qxc4 23. Nxc4 Nxc5 24. Bxc5 Bxc5 25. Nfxe5 Bxe4 26. Bxe4 Nxe4 27. Ng4 Kg7 28. Rcd1 Nc3 29. Rde1 Rd4 30. Nge5 Re4 31. Kg2 Rd8 32. Rxe4 Nxe4 33. f3 Nc3 34. Rc1 Ne2 35. Rc2 Nd4 36. Rd2 Re8 37. Nd7 Nxb3 38. Rd5 Bb4 39. Nde5 Nc5 40. Nd7 Nxa4 41. Nde5 Nc5 42. Nc6 Re6 43. Nxb4 axb4 44. Kf2 c6 45. Rd1 b5 46. Na5 Na4 47. Rb1 c5 48. Nb3 Nc3 49. Nxc5 Nxb1 50. Nxe6+ fxe6 0-1

[Event "Olympiad Women 2024"]
[Site "Budapest HUN"]
[Date "2024.09.11"]
[Round "1.68"]
[Board "1"]
[White "Lindiawati, Evi"]
[Black "Asha huang Limboo"]
[Result "1-0"]
[WhiteElo "1940"]
[BlackElo "1420"]
[PlyCount "73"]
[EventDate "2024.09.11"]
[WhiteTeam "Indonesia"]
[BlackTeam "Bhutan"]
[WhiteTeamCountry "INA"]
[BlackTeamCountry "BTN"]

1. e4 e6 2. d4 d5 3. Nd2 Bd7 4. Ngf3 ({RR} 4. exd5 exd5 5. Bd3 Bd6 6. Ne2 Nc6 7. c3 Nf6 8. O-O O-O 9. Ng3 Ne7 10. Nf3 Ng6 11. Nf5 Bf4 12. Re1 Bxc1 13. Qxc1 Bxf5 14. Bxf5 Re8 15. Qc2 Qd6 16. g3 Nf8 17. Qb3 g6 18. Bh3 Ne4 {½-½ Topalov,V (2774)-Rapport,R (2680) Kozloduy Danube Countries 2nd rapid 2013 (3)}) 4... Bc6 $146 ({RR} 4... Nf6 5. e5 Ne4 6. Bd3 Nxd2 7. Bxd2 c5 8. c3 Qb6 9. Rb1 Bb5 10. Qe2 Bxd3 11. Qxd3 Qa6 12. Qxa6 Nxa6 13. Ke2 Be7 14. b4 cxb4 15. cxb4 b5 16. Rhc1 Kd7 17. Ne1 Rhc8 18. Nd3 Rc4 19. Ke3 {0-1 Krieger,H-Haefner,T Baden Kongress Meisterturnier B1 1981 (2)}) ({RR} 4... c5 5. exd5 exd5 6. dxc5 Bxc5 7. Nb3 Qe7+ 8. Be2 Bb6 9. O-O Nf6 10. Bg5 O-O 11. Nfd4 Nc6 12. Bf3 Qe5 13. Be3 Rad8 14. Re1 Ne4 15. Nxc6 bxc6 16. c4 Bxe3 17. Rxe3 Qxb2 18. Bxe4 dxe4 19. Rxe4 {0-1 Hertlein,I (1959)-Varga,C (2188) exe Slovakia Open 2024 (2.33)}) ({RR} 4... Ne7 5. Bd3 Ng6 6. c3 Be7 7. g3 Bc6 8. e5 Nd7 9. h4 Nb6 10. b3 Bd7 11. h5 Nf8 12. h6 g6 13. Nh2 f5 14. exf6 Bxf6 15. Ng4 e5 16. Nxe5 Qe7 17. Qe2 O-O-O 18. a4 Re8 19. Ba3 {1-0 Mestel,A (2500)-Blow,R Marbella Zonal-B 1982 (5)}) 5. e5 Nd7 6. Bd3 f6 7. Nb3 Qe7 8. Bf4 g5 9. exf6 Ngxf6 10. Bxc7 Rg8 11. Qe2 Nb6 12. Bg3 g4 13. Ne5 Nc4 14. Nxc6 bxc6 15. Bxc4 dxc4 16. Qxc4 Qd7 17. O-O Ne4 18. Rfe1 Nxg3 19. Rxe6+ Kd8 20. hxg3 Rg6 21. Rae1 Kc7 22. Rxg6 hxg6 23. Qe6 Re8 24. Qxe8 Qxe8 25. Rxe8 Bd6 26. c4 Kd7 27. Rg8 Be7 28. Rxg6 a5 29. Nxa5 c5 30. dxc5 Bxc5 31. Rxg4 Bb4 32. Nb3 Kc6 33. Rg6+ Kd7 34. a4 Kc7 35. a5 Kb8 36. Rb6+ Ka7 37. Rxb4 1-0

[Event "Olympiad Women 2024"]
[Site "Budapest HUN"]
[Date "2024.09.11"]
[Round "1.68"]
[Board "3"]
[White "Yuliana, Evi"]
[Black "Yeshey lhaden"]
[Result "1-0"]
[WhiteElo "1912"]
[BlackElo "1514"]
[PlyCount "45"]
[EventDate "2024.09.11"]
[WhiteTeam "Indonesia"]
[BlackTeam "Bhutan"]
[WhiteTeamCountry "INA"]
[BlackTeamCountry "BTN"]

1. d4 d5 2. c4 Nf6 3. Nf3 Bf5 4. Nc3 e6 5. Qb3 b6 6. Bg5 Be7 7. Bxf6 Bxf6 8. cxd5 O-O 9. e4 Bg4 10. dxe6 $146 ({RR} 10. e5 Bxf3 11. gxf3 Bg5 12. Bc4 c6 13. dxe6 Qxd4 14. exf7+ Kh8 15. Ne4 Qxe5 16. Rd1 Qa5+ 17. Ke2 Be7 18. Rhg1 Na6 19. Qc3 Qxc3 20. bxc3 Nc7 21. Rd7 Bd8 22. Rgd1 a5 23. a4 Rc8 24. Nd6 Rb8 {1-0 Leal,P (1832)-Da Rocha,J (1785) Cordeiropolis Freitas Levy Memorial 2015 (2)}) 10... Bxf3 11. exf7+ Kh8 12. gxf3 Qxd4 13. Rd1 Qe5 14. Bb5 a6 15. Be8 Qc5 16. Rd5 Qe7 17. Rd3 Qc5 18. Qd5 Qxd5 19. Nxd5 Bxb2 20. Nxc7 Ra7 21. Ne6 Rfxf7 22. Bxf7 Rxf7 23. Rd8+ 1-0

[Event "Olympiad Women 2024"]
[Site "Budapest HUN"]
[Date "2024.09.11"]
[Round "1.69"]
[Board "2"]
[White "Azhar, Puteri Rifqah Fahada"]
[Black "Lazzarini, Giulia"]
[Result "1-0"]
[WhiteElo "1947"]
[BlackElo "1520"]
[PlyCount "23"]
[EventDate "2024.09.11"]
[WhiteTeam "Malaysia"]
[BlackTeam "San Marino"]
[WhiteTeamCountry "MAS"]
[BlackTeamCountry "SMR"]

1. d4 {ChessBase II} d5 2. Nf3 Bf5 3. Bf4 Nf6 4. e3 g6 ({RR} 4... c5 5. c3 Qb6 6. Qb3 c4 7. Qxb6 axb6 8. Bxb8 ({RR} 8. Nbd2 Nc6 9. a3 b5 10. Rc1 h6 11. h3 e6 12. g4 Bh7 13. Bg2 Nd7 14. Ne5 Nb6 15. e4 f6 16. Nxc6 bxc6 17. O-O Kf7 18. Bg3 Ra7 19. f4 dxe4 20. f5 exf5 21. gxf5 e3 22. Ne4 Nd5) 8... Rxb8 9. Nbd2 Ra8 10. a3 h6 11. Be2 e6 12. Ne5 Bd6 13. f4 Ne4 14. Bf3 Nxd2 15. Kxd2 f6 16. Ng4 Bxg4 17. Bxg4 f5 18. Bh5+ Ke7 19. h4 {1-0 Fontaine,R (2524)-Bouchet,N (2307) FRA-chT Poule Basse 2006 (8)}) ({RR} 4... e6 5. Bd3 Bxd3 6. cxd3 Bd6 7. Bg3 c5 8. dxc5 Bxc5 9. Qb3 Qb6 10. Qxb6 Bxb6 11. Nc3 Nc6 12. Ke2 Nh5 13. Na4 Nxg3+ 14. hxg3 Ke7 15. a3 Bc7 16. Rac1 Bd6 17. Rc2 Rac8 18. Rhc1 Rc7 19. Nc3) 5. c4 ({RR} 5. Nc3 Bg7 6. Bd3 Bxd3 7. cxd3 O-O 8. O-O Nc6 9. Rc1 a6 10. Qb3 b5 11. Nxd5 Nxd5 12. Rxc6 Nxf4 13. exf4 Qd7 14. Rfc1 Rfc8 15. Ne5 Bxe5 16. dxe5 Ra7 17. g3 Rb8 18. Qc3 Rc8 19. Qc5 Rb7 {1-0 Aliu,A (1813)-Lamprianou,D 24th ch-EUR Indiv w 2024 (6.87)}) 5... c6 6. Qb3 $146 ({RR} 6. c5 e6 7. Nbd2 Bg7 8. Nh4 Nbd7 9. Nxf5 exf5 10. Bd6 b6 11. b4 Ne4 12. Nxe4 fxe4 13. Be2 bxc5 14. bxc5 Qa5+ 15. Qd2 Qxd2+ 16. Kxd2 Nf6 17. Rhb1 Bf8 18. Bxf8 Rxf8 19. Rb7 Kd8 20. Rab1 Kc8 {1-0 Santana Chacopino,C (1440)-Rivero Pena,H Gran Canaria Dominguez Memorial 3rd 2016 (4)}) ({RR} 6. h3 Bg7 7. Nc3 Qb6 8. Qb3 Qxb3 9. axb3 Nbd7 10. Be2 O-O 11. O-O Nb6 12. c5 Nbd7 13. b4 a6 14. Ra3 Ne4 15. Rfa1 Rac8 16. Re1 Nef6 17. Bd3 Bxd3 18. Nxd5 Nxd5 19. Rxd3 Nxb4 20. Rb3 a5 {½-½ Schuh,R (1512)-Schroeter,C (1453) GER-chT U14 Magdeburg 2018 (7.1)}) 6... b6 7. Nc3 e6 8. h3 h5 9. Rc1 c5 10. Nb5 Na6 11. Qa4 Qd7 12. Ne5 1-0

[Event "Olympiad Women 2024"]
[Site "Budapest HUN"]
[Date "2024.09.11"]
[Round "1.70"]
[Board "3"]
[White "Nassr, Rania"]
[Black "Henry, Zahidu"]
[Result "1-0"]
[WhiteElo "1866"]
[BlackElo "1450"]
[PlyCount "117"]
[EventDate "2024.09.11"]
[WhiteTeam "Algeria"]
[BlackTeam "Dominica"]
[WhiteTeamCountry "ALG"]

1. d4 {Krasenkow,Michal} d5 2. Nf3 Nf6 3. g3 g6 4. Bg2 Bg7 5. O-O O-O 6. Nbd2 Nc6 ({RR} 6... c6) 7. e3 ({RR} 7. b3 e5 ({RR} 7... Bf5 8. Bb2) 8. dxe5 ({RR} 8. Nxe5 Nxe5 9. dxe5 Ng4) 8... Ng4 9. c4 ({RR} 9. Bb2 Ngxe5 10. Qc1 Bf5 11. Nxe5 Nxe5 12. c4 c6 13. Bd4 dxc4 14. Qc3 Qd6 15. Nxc4 Qxd4 16. Qxd4 Nf3+ 17. Bxf3 Bxd4) ({RR} 9. Ba3 Re8 10. e4 dxe4 11. Nxe4 Ngxe5 12. Nxe5 Bxe5 13. Qxd8) 9... d4 ({RR} 9... Ngxe5 10. Nxe5 Bxe5 11. cxd5 Bxa1 12. Ba3 Bg7 13. Bxf8 Qxf8 14. dxc6 b6) ({RR} 9... Ncxe5 10. Ba3 Re8 ({RR} 10... Nxf3+ 11. exf3 Bxa1 12. Qxa1 Nf6 13. Bxf8 Kxf8 14. cxd5) 11. Nxe5 Bxe5 12. Rc1) ({RR} 9... dxc4 10. Ba3 ({RR} 10. Nxc4 Ngxe5 11. Nfxe5 Nxe5 12. Nxe5 Qxd1 13. Rxd1 Bxe5 14. Rb1 Re8) 10... Re8 ({RR} 10... c3 11. Bxf8 Qxf8 12. Ne4 Qb4 13. Qd3 Ngxe5 14. Nxe5 Bxe5 15. Rac1 Bf5 16. Qc4 Qxc4 17. bxc4 Bxe4 18. Bxe4 Na5 19. c5) 11. Nxc4 Ncxe5 12. Nfxe5 Nxe5 13. Qxd8 Rxd8 14. Na5 Rb8 15. Rad1) ({RR} 9... Be6 10. Bb2 ({RR} 10. Ba3 Re8) 10... Ngxe5 11. Nxe5 Bxe5 12. Bxe5 Nxe5 13. Qc2) 10. Ne4 Ngxe5 11. Nxe5 Nxe5 12. Bg5 f6 13. Bc1 f5 14. Nc5 c6 15. Bb2 ({RR} 15. Re1) 15... Qd6 ({RR} 15... f4 16. Bxd4 f3 17. exf3 Qxd4 18. Qxd4 Nxf3+ 19. Bxf3 Bxd4) 16. e3 Nxc4 ({RR} 16... Qxc5 17. exd4 Qd6 18. c5 Qc7 19. dxe5 Bxe5 20. Bxe5 Qxe5 21. Re1 Qxc5 22. Rc1) ({RR} 16... d3 17. Bd4 Rd8 18. Nxd3 ({RR} 18. Qd2) 18... Nxd3 19. Qxd3 Bxd4 20. exd4 Qxd4 21. Qe2) 17. Bxd4 Bxd4 18. Qxd4 Qxd4 19. exd4 Nd6 ({RR} 19... Nb6 20. Rfe1) 20. Rfd1 ({RR} 20. d5 b6 21. Ne6 Bxe6 22. dxe6 Ne4 23. Bxe4 fxe4 24. Rfe1 Rfe8 25. Rxe4 Rad8) 20... Nb5 ({RR} 20... Rf6) 21. d5 Nc3 {½-½ Kramnik,V (2809)-Vachier Lagrave,M (2804) London Classic 8th 2016 (4)}) ({RR} 7. c4 a5 ({RR} 7... Be6) ({RR} 7... dxc4 8. Nxc4)) ({RR} 7. b3 Re8 8. Bb2 e6 9. c4 Ne7 10. cxd5 exd5 11. Ne5 c6 12. Ndf3 Nf5 13. Ng5 Nd6 14. Ba3 h6 15. Bxd6 hxg5 16. Ba3 Be6 17. Bc1 Nd7 18. Nxd7 Qxd7 19. Bxg5 f6 20. Bc1 Kf7 21. h4 Rh8 {½-½ Janikowska,W (1564)-Samol,J (1317) POL-ch U16 Girls 2022 (5)}) 7... Re8 8. Ne5 e6 $146 ({RR} 8... Nxe5 9. dxe5 Ng4 10. Nf3 c6 11. b4 Nxe5 12. Nxe5 Bxe5 13. Rb1 a6 14. a4 Be6 15. Bb2 Bxb2 16. Rxb2 Qd6 17. h4 Qe5 18. Qd4 Qxd4 19. exd4 Bf5 20. Re1 f6 21. f4 e6 22. Bf3 h5 23. Re3 {½-½ Davi,A (2102)-Gonella,D (2121) ITA-ch U20 20th 2012 (8)}) 9. f4 Ne7 10. b3 c6 11. Bb2 Nf5 12. Qe2 Bd7 13. c4 b6 14. g4 Ne7 15. Rac1 Rc8 16. c5 b5 17. g5 Nh5 18. Nxd7 Qxd7 19. Bf3 f6 20. Bxh5 gxh5 21. Qxh5 Ng6 22. Rf3 fxg5 23. Rh3 Bf8 24. Qxg5 Qf7 25. Nf3 Be7 26. Qg2 Bf6 27. Rg3 Rc7 28. Rf1 Kf8 29. Ne5 Nh4 30. Nxf7 Nxg2 31. Nd6 Nxe3 32. Rxe3 Rg7+ 33. Kf2 Bh4+ 34. Kf3 Ree7 35. Re2 Rg8 36. f5 exf5 37. Rxe7 Bxe7 38. Nxf5 Bd8 39. Bc1 Rg6 40. Ke2 Ke8 41. Nd6+ Kd7 42. Rf7+ Ke6 43. Rf3 Rg2+ 44. Rf2 Rxf2+ 45. Kxf2 Bc7 46. Bf4 a5 47. Kf3 Bxd6 48. Bxd6 Kf5 49. Bc7 a4 50. bxa4 bxa4 51. Ke3 h5 52. Kd3 Ke6 53. Kc3 Kf5 54. Kb4 Ke4 55. Be5 Kd3 56. Kxa4 Kc4 57. Ka5 h4 58. a4 h3 59. Kb6 1-0

[Event "Olympiad Women 2024"]
[Site "Budapest HUN"]
[Date "2024.09.12"]
[Round "2.1"]
[Board "1"]
[White "Dronavalli, Harika"]
[Black "Movsesian, Julia"]
[Result "1-0"]
[WhiteElo "2502"]
[BlackElo "2198"]
[PlyCount "107"]
[EventDate "2024.09.11"]
[WhiteTeam "India"]
[BlackTeam "Czech Republic"]
[WhiteTeamCountry "IND"]
[BlackTeamCountry "CZE"]

1. Nf3 Nf6 2. c4 e6 3. g3 d5 4. Bg2 d4 5. O-O c5 6. e3 Nc6 7. d3 Bd6 8. Na3 O-O 9. exd4 cxd4 10. Nc2 e5 11. b4 Re8 12. Re1 a6 13. Rb1 h6 14. a4 ({RR} 14. Nd2 Bf5 15. Qe2 Qd7 16. a4 Bf8 17. b5 axb5 18. axb5 Nd8 19. Qf1 Ra4 20. Nb3 Rxc4 21. dxc4 Bxc2 22. Rb2 d3 23. Rxc2 dxc2 24. Qe2 Bb4 25. Rf1 Ne6 26. Qxc2 Nd4 27. Qd3 Rd8 28. Nxd4 exd4 {1-0 Karolczuk,I (2365)-Keinanen,A (2227) 34th Cracovia Open A 2023 (6.20)}) 14... Bf5 15. c5 Bb8 16. Bb2 $146 ({RR} 16. b5 axb5 17. axb5 Ne7 18. Nxe5 Ned5 19. Qf3 Bc8 20. Bf4 g5 21. Nxd4 gxf4 22. gxf4 Ra4 23. Qg3+ Kh7 24. Ndc6 bxc6 25. Nxc6 Rxe1+ 26. Rxe1 Qc7 27. Bxd5 Nxd5 28. Re8 Ra1+ 29. Kg2 Bh3+ 30. Kf3 Qxf4+ {1-0 Vo,T (2359)-Nguyen,V (2407) VIE-ch Tinh Bac Giang 2022 (7)}) 16... Qc8 17. Ba1 a5 18. b5 Nd8 19. Rc1 Bg4 20. Na3 Qf5 21. Nc4 Qh5 22. Ncd2 Ne6 23. Qb3 Bh3 24. Bxh3 Qxh3 25. Qd1 Rc8 26. Nf1 Qf5 27. Nh4 Qg5 28. Nf3 Qf5 29. Nh4 Qg5 30. Qf3 e4 31. dxe4 Rxc5 32. Rxc5 Qxc5 33. e5 Bxe5 34. Qxb7 Rd8 35. Nf5 Rb8 36. Qc6 Re8 37. Qxc5 Nxc5 38. f4 Bc7 39. Rxe8+ Nxe8 40. Bxd4 Nxa4 41. Ne7+ Kf8 42. Nd5 Bb8 43. b6 Nd6 44. Kf2 Nb5 45. Ke3 Bd6 46. Kd3 f6 47. Nd2 Ke8 48. Nc4 Kd7 49. b7 Bb8 50. Nxa5 Kd6 51. Nb4 Nxd4 52. Kxd4 Ba7+ 53. Ke4 g6 54. Nac6 1-0

[Event "Olympiad Women 2024"]
[Site "Budapest HUN"]
[Date "2024.09.12"]
[Round "2.1"]
[Board "2"]
[White "Kanakova, Natalie"]
[Black "Divya, Deshmukh"]
[Result "0-1"]
[WhiteElo "2145"]
[BlackElo "2483"]
[PlyCount "82"]
[EventDate "2024.09.11"]
[WhiteTeam "Czech Republic"]
[BlackTeam "India"]
[WhiteTeamCountry "CZE"]
[BlackTeamCountry "IND"]

1. e4 c6 2. d4 d5 3. Nc3 dxe4 4. Nxe4 Nf6 5. Nxf6+ exf6 6. Nf3 Bd6 7. Bd3 O-O 8. O-O Bg4 9. c3 Bc7 ({RR} 9... Re8 10. h3 Bh5 11. Bc2 Na6 12. Qd3 Bg6 13. Qd1 Nc7 14. Bxg6 hxg6 15. Nd2 Ne6 16. Nc4 Bc7 17. Qb3 Qd7 18. Bd2 b5 19. Ne3 Nf4 20. Rfe1 Re4 21. Nc2 Nxh3+ 22. Kf1 Qf5 23. f3 Rxe1+ 24. Rxe1 {0-1 Sarakauskas,G (2384)-Howell,D (2679) UK-ch blitz op 2018 (9)}) 10. h3 Bh5 11. Bc2 $146 ({RR} 11. g4 Bg6 12. Bxg6 hxg6 13. Re1 Nd7 14. b3 Nb6 15. Ba3 Re8 16. Rxe8+ Qxe8 17. Qd3 Nd5 18. Re1 Qd7 19. Bc1 Re8 20. Rxe8+ Qxe8 21. c4 Nb4 22. Qd2 Qe4 23. Qxb4 Qxf3 24. Qxb7 Bh2+ 25. Kxh2 Qxf2+ {½-½ Strenner,Z (2044)-Bihari,B (1933) Budapest-chT1 Lilienthal 1516 2015 (4)}) ({RR} 11. g3 Nd7 12. Be2 Re8 13. Be3 Bxg3 14. fxg3 Rxe3 15. Qd2 Qe7 16. Rae1 Re8 17. Bd1 f5 18. Ne5 Rxe1 19. Rxe1 Bxd1 20. Qxd1 Nf6 21. Qd3 Ne4 22. Rf1 Nd6 23. b3 f6 24. Nf3 Qe3+ 25. Qxe3 Rxe3 {0-1 Rossi,A (1643)-Kukushkin,I (1924) Ljubljana Open 2024 (2.34)}) ({RR} 11. g4 Bg6 12. Nh4 Qd6 13. Nf3 Re8 14. Bxg6 hxg6 15. Kg2 Nd7 16. Qd3 Nb6 17. Bd2 Nd5 18. Rae1 a5 19. Rxe8+ Rxe8 20. Re1 Rxe1 21. Bxe1 Nf4+ {0-1 Jorge Bort,E (2156)-Oxley,D Internet Section 15-B blitz 2003 (3)}) 11... Qd5 12. Qd3 Bg6 13. Qe2 Nd7 14. Bxg6 hxg6 15. Re1 Rfd8 16. c4 Qh5 17. Be3 Nf8 18. Rac1 Ne6 19. Red1 Rd7 20. Rc3 Rad8 21. Rcd3 Qf5 22. Nh4 Qe4 23. Qg4 f5 24. Qxe4 fxe4 25. Rb3 Nxd4 26. Bxd4 Rxd4 27. Rxd4 Rxd4 28. g3 Rxc4 29. Rxb7 Bb6 30. Re7 Rc1+ 31. Kg2 Rc2 32. Re8+ Kh7 33. Rxe4 Rxf2+ 34. Kh1 g5 35. Ng2 Rxb2 36. a4 f5 37. Rc4 Rb1+ 38. Kh2 Bg1+ 39. Kh1 Bf2+ 40. Kh2 Rb3 41. g4 Bg3+ 0-1